[Event "FRA-chT3 Gr12 0304"]
[Site "Loire"]
[Date "2004.03.14"]
[Round "7.6"]
[White "Sauvadet, Fabien"]
[Black "Poncet, Alain"]
[Result "1/2-1/2"]
[WhiteElo "2011"]
[BlackElo "1860"]
[PlyCount "141"]
[EventDate "2003.10.12"]
[EventType "team"]
[EventRounds "9"]
[EventCountry "FRA"]
[SourceTitle "EXT 2008"]
[Source "ChessBase"]
[SourceDate "2007.11.25"]
[SourceVersion "1"]
[SourceVersionDate "2007.11.25"]
[SourceQuality "1"]

1. d4 Nf6 2. Nf3 d5 3. c4 e6 4. Nc3 Bb4 5. Bg5 0-0 6. e3 Nbd7 7. a3 Bxc3+ 8. bxc3 c6 9. Qb3 Qb6 10. Qb4 Qxb4 11. cxb4 Re8 12. Bf4 a5 13. Rb1 axb4 14. axb4 dxc4 15. Bxc4 b6 16. 0-0 Ba6 17. b5 Bxb5 18. Bxb5 cxb5 19. Rxb5 Ra5 20. Rfb1 Rea8 21. h3 Ne4 22. Ne5 Rxb5 23. Rxb5 Nxe5 24. Bxe5 f6 25. Bc7 Ra1+ 26. Kh2 Nxf2 27. Rxb6 Kf7 28. Rb7 Kg6 29. Rb2 Ne4 30. Rb6 Kf7 31. Bf4 Ra7 32. Rb2 Rd7 33. g4 h6 34. Kg2 Ke7 35. Kf3 Ng5+ 36. Kg2 Nf7 37. Rb5 Nd6 38. Rb8 Nc4 39. Rc8 Nb6 40. Rc5 Nd5 41. Kf3 Nxf4 42. Kxf4 Kf7 43. h4 g5+ 44. hxg5 hxg5+ 45. Ke4 Ke7 46. Kd3 Ra7 47. Rc2 Kf7 48. Ke2 Rd7 49. Kf3 Kg6 50. Rc6 Kf7 51. Rb6 Ke7 52. Rb8 Kf7 53. Ke4 Re7 54. Rb5 Rd7 55. Kf3 Kg6 56. Rb4 Rc7 57. Rb3 Rd7 58. Rd3 Kf7 59. e4 Ke7 60. Ke3 Rd8 61. d5 exd5 62. exd5 Kd6 63. Ke4 Rb8 64. Kf5 Rb4 65. Kxf6 Rxg4 66. Kf5 Rg1 67. Ke4 Re1+ 68. Kf3 Re5 69. Kg4 Rxd5 70. Rxd5+ Kxd5 71. Kxg5 1/2-1/2